| 000 | 01005nam a2200241Ia 4500 | ||
|---|---|---|---|
| 003 | Ost | ||
| 005 | 20260507075238.0 | ||
| 008 | 260507s9999||||xx |||||||||||||| ||und|| | ||
| 020 | _a8499689957 | ||
| 040 | _cfsecg | ||
| 041 | _aara | ||
| 082 | _a330 | ||
| 100 |
_aالوليد، بشار يزيد _eمؤلف |
||
| 245 | 0 |
_aالتخطيط الاستراتيجي : _bمفاهيم معاصرة / _c بشار يزيد الوليد |
|
| 260 |
_aعمان: _bدار الراية, _c2010 |
||
| 300 |
_a147 صفحة؛ _bإيضاحات ؛ _c24 سم |
||
| 504 | _aمراجع ص.145 | ||
| 520 | _aالادارة و العملية الادارية ، التخطيط ، التخطيط الاستراتيجي و التخطيط المرحلي ، ، التخطيط الاستراتيجي للمبيعات ، التخطيط الاستراتيجي للتنمية الاقتصادية . | ||
| 653 | _aالادارة | ||
| 653 | _aالتخطيط | ||
| 653 | _aالتخطيط الإقتصادي | ||
| 942 | _cكتاب | ||
| 999 |
_c43604 _d43604 |
||